Franchises NBA (Mort subite) - Statistiques

Statistiques générales
  • Ce quiz a été pris 2 073 fois
  • Le résultat moyen est 26 sur 30
Answers on the Grid
Answers color-coded by a green-red scale on the quiz's grid according to % correct below.
Boston Celtics
New York Knicks
Brooklyn Nets
Philadelphia 76ers
Toronto Raptors
Oklahoma City Thunder
Denver Nuggets
Minnesota Timberwolves
Portland Trail Blazers
Utah Jazz
Cleveland Cavaliers
Indiana Pacers
Chicago Bulls
Detroit Pistons
Milwaukee Bucks
Phoenix Suns
Golden State Warriors
Los Angeles Lakers
Los Angeles Clippers
Sacramento Kings
Orlando Magic
Miami Heat
Charlotte Hornets
Washington Wizards
Atlanta Hawks
Houston Rockets
Memphis Grizzlies
Dallas Mavericks
San Antonio Spurs
New Orleans Pelicans
Pittsburgh Penguins
New England Patriots
Buffalo Bills
Baltimore Ravens
Cincinnati Bengals
Green Bay Packers
Kansas City Chiefs
San Francisco 49ers
Seattle Seahawks
Carolina Hurricanes
New Jersey Devils
Tampa Bay Lightning
New York Rangers
Montreal Canadiens
Calgary Flames
Colorado Avalanche
Nashville Predators
San Jose Sharks
Jacksonville Jaguars
Las Vegas Raiders
 
Statistiques - réponses
Réponse % Correct
Chicago Bulls
91%
Boston Celtics
89%
San Antonio Spurs
89%
Charlotte Hornets
88%
Denver Nuggets
88%
Golden State Warriors
88%
Los Angeles Lakers
88%
Miami Heat
88%
Milwaukee Bucks
88%
New York Knicks
88%
Brooklyn Nets
87%
Cleveland Cavaliers
87%
Detroit Pistons
87%
Los Angeles Clippers
87%
Philadelphia 76ers
87%
Phoenix Suns
87%
Dallas Mavericks
86%
Houston Rockets
86%
Indiana Pacers
86%
Memphis Grizzlies
86%
Orlando Magic
86%
Toronto Raptors
86%
Utah Jazz
86%
Atlanta Hawks
85%
Minnesota Timberwolves
85%
Oklahoma City Thunder
85%
Sacramento Kings
85%
Washington Wizards
85%
New Orleans Pelicans
84%
Portland Trail Blazers
84%
Aucun quiz correspondant
Distribution des résultats
% des personnes avec chaque résultat
Percentile par nombre de réponses
Votre historique - résultats
Vous n’avez pas pris ce quiz